| 000 | 00000nas 2200000za 4500 |
| 001 | 9.862410 |
| 003 | CaOODSP |
| 005 | 20241203113644 |
| 007 | cr ||||||||||| |
| 008 | 180926d19731985oncux m o f0###|0eng|d |
| 022 | |z0318-5869 |
| 040 | |aCaOODSP|beng |
| 041 | |aeng|bfre |
| 043 | |an-cn--- |
| 086 | 1 |aEn36-508E-PDF |
| 130 | 0 |aReport series (Canada. Inland Waters Directorate) |
| 210 | 0 |aRep. ser. - Inland Waters Dir. |
| 222 | 0|aReport series - Inland Waters Directorate |
| 245 | 00|aReport series - Inland Waters Directorate |h[electronic resource]. |
| 246 | 10|aSérie des rapports généraux |
| 260 | |aOttawa : |bInland Waters Directorate, |c1973-1985. |
| 310 | |aIrregular |
| 362 | 0 |ano. 24- 1973- |
| 362 | 1 |aCeased with no. 74. |
| 500 | |aSome issues have added title: Série des rapports généraux. |
| 500 | |aSome issues also published in French under title: Série des rapports généraux (Canada. Inland Waters Directorate). |
| 546 | |aSome nos. include abstract in French. Some issues have text in English and French. |
| 692 | 07|2gccst|aHydrology |
| 710 | 1 |aCanada. |bEnvironment Canada. |
| 710 | 1 |aCanada. |bInland Waters Directorate. |
| 775 | 08|tSérie des rapports généraux - Direction générale des eaux intérieures |w(CaOODSP)9.862424 |
| 780 | 00|tReport series - Inland Waters Branch |w(CaOODSP)9.862406 |
| 785 | 00|tReport series - Inland Waters and Lands Directorate |w(CaOODSP)9.862431 |